[Event "Kvika Reykjavik Open 2022"]
[Site "Reykjavik, Iceland"]
[Date "2022.04.09"]
[Round "5.38"]
[White "Burlacu, Bogdan"]
[Black "Balzer, Lars"]
[Result "1-0"]
[WhiteElo "2286"]
[BlackElo "2015"]
[PlyCount "69"]
[EventDate "2022.??.??"]

1. e4 {[%eval 33,0]} g6 {[%eval 71,0]} 2. d4 {[%eval 68,0]} c6 {[%eval 82,0]}
3. Nc3 {[%eval 33,0]} d5 $6 {[%eval 117,0] Inaccuracy. d6 was best.} (3... d6
4. f4 d5 5. e5 h5 6. Be3 Bf5 7. Nf3 Nd7 8. h3) 4. h3 $6 {[%eval 37,0]
Inaccuracy. e5 was best.} (4. e5 Bf5 5. h3 h5 6. Nf3 e6 7. Bg5 Be7 8. Qd2 Nd7)
4... Bg7 $6 {[%eval 96,0] Inaccuracy. dxe4 was best.} (4... dxe4 5. Nxe4 Bg7 6.
Nf3 Nf6 7. Nxf6+ exf6 8. Bd3 O-O 9. O-O) 5. Nf3 {[%eval 5,0]} dxe4 {[%eval 53,
0]} 6. Nxe4 {[%eval 5,0]} Nf6 {[%eval 69,0]} 7. Nxf6+ {[%eval 5,0]} exf6 {
[%eval 66,0]} 8. Bc4 {[%eval 76,0]} O-O {[%eval 67,0]} 9. O-O {[%eval 6,0]} a5
{[%eval 51,0]} 10. a4 {[%eval 67,0]} Na6 {[%eval 64,0]} 11. Bf4 {[%eval 23,0]}
Nc7 {[%eval 42,0]} 12. Bb3 {[%eval 43,0]} Nd5 {[%eval 64,0]} 13. Bd2 {[%eval
62,0]} Qc7 {[%eval 46,0]} 14. c4 {[%eval 65,0]} Nf4 {[%eval 71,0]} 15. Be3 {
[%eval 102,0]} f5 $4 {[%eval 347,0] Blunder. Rd8 was best.} (15... Rd8 16. d5)
16. d5 {[%eval 335,0]} Nh5 {[%eval 341,0]} 17. d6 {[%eval 362,0]} Qd8 {[%eval
357,0]} 18. c5 {[%eval 342,0]} Nf6 {[%eval 312,0]} 19. Bd4 $6 {[%eval 238,0]
Inaccuracy. Re1 was best.} (19. Re1 Ne4) 19... Ne4 {[%eval 207,0]} 20. Re1 {
[%eval 321,0]} Re8 {[%eval 316,0]} 21. Bxg7 {[%eval 334,0]} Kxg7 {[%eval 331,0]
} 22. Qd4+ $2 {[%eval 165,0] Mistake. Bc2 was best.} (22. Bc2) 22... f6 $4 {
[%eval 523,0] Blunder. Qf6 was best.} (22... Qf6 23. d7 Bxd7 24. Qxd7 Nxc5 25.
Qd1 Rxe1+ 26. Nxe1 Qxb2 27. Rb1 Qf6 28. Qc2 Ne4 29. Bc4) 23. Bc2 $2 {[%eval
321,0] Mistake. Rad1 was best.} (23. Rad1) 23... Be6 $4 {[%eval 723,0] Blunder.
b6 was best.} (23... b6 24. cxb6) 24. Bxe4 {[%eval 715,0]} fxe4 {[%eval 689,0]}
25. Rxe4 {[%eval 745,0]} Bd5 {[%eval 745,0]} 26. Rxe8 {[%eval 711,0]} Qxe8 {
[%eval 722,0]} 27. Re1 {[%eval 731,0]} Qf8 {[%eval 736,0]} 28. Re7+ {[%eval
686,0]} Kg8 {[%eval 887,0]} 29. Qh4 {[%eval 707,0]} h5 {[%eval 915,0]} 30. Qf4
$6 {[%eval 601,0] Inaccuracy. Rxb7 was best.} (30. Rxb7 Bxf3 31. gxf3 Qf7 32.
Rxf7 Kxf7 33. Qc4+ Kg7 34. Qb3 Rf8 35. Qb7+ Rf7 36. d7 g5) 30... Rd8 $6 {
[%eval 949,0] Inaccuracy. Bxf3 was best.} (30... Bxf3 31. gxf3) 31. Nh4 {
[%eval 905,0]} g5 {[%eval 809,0]} 32. Qf5 {[%eval 921,0]} Bf7 {[%eval 916,0]}
33. Qxf6 {[%eval 913,0]} gxh4 {[%eval 1024,0]} 34. Rxf7 {[%eval 1014,0]} Qxf7 {
[%eval 1024,0]} 35. Qxd8+ {[%eval 1042,0]} 1-0

[Event "Kvika Reykjavik Open 2022"]
[Site "Reykjavik, Iceland"]
[Date "2022.04.09"]
[Round "5.39"]
[White "Filipovich, David"]
[Black "Mannion, Stephen R"]
[Result "1/2-1/2"]
[WhiteElo "1975"]
[BlackElo "2245"]
[PlyCount "76"]
[EventDate "2022.??.??"]

1. Nf3 {[%eval 29,0]} d5 {[%eval 34,0]} 2. g3 {[%eval 12,0]} Bg4 {[%eval 26,0]}
3. Bg2 {[%eval 3,0]} Nd7 {[%eval 37,0]} 4. c4 {[%eval 34,0]} e6 {[%eval 48,0]}
5. cxd5 {[%eval 12,0]} exd5 {[%eval 64,0]} 6. Nc3 {[%eval 3,0]} c6 {[%eval 38,
0]} 7. d3 {[%eval 16,0]} Ngf6 {[%eval 13,0]} 8. O-O {[%eval 22,0]} Bc5 {
[%eval 26,0]} 9. h3 {[%eval 13,0]} Bxf3 {[%eval 32,0]} 10. Bxf3 {[%eval 3,0]}
O-O {[%eval 31,0]} 11. e4 {[%eval 2,0]} dxe4 {[%eval 1,0]} 12. dxe4 {[%eval 13,
0]} Ne5 {[%eval 24,0]} 13. Be2 {[%eval 34,0]} Qe7 {[%eval 42,0]} 14. Qc2 {
[%eval 3,0]} Rfe8 {[%eval 13,0]} 15. Kg2 {[%eval 0,0]} Ned7 {[%eval 3,0]} 16.
Bg5 {[%eval 16,0]} h6 {[%eval 11,0]} 17. Bxf6 {[%eval 2,0]} Nxf6 {[%eval 15,0]}
18. Bd3 {[%eval 7,0]} Bd4 {[%eval 0,0]} 19. Rae1 {[%eval 4,0]} Qc5 {[%eval 39,
0]} 20. f4 {[%eval 26,0]} Rad8 {[%eval 37,0]} 21. Rd1 {[%eval 3,0]} a5 {
[%eval 34,0]} 22. Rfe1 {[%eval 3,0]} Kf8 {[%eval 5,0]} 23. Kh2 $2 {[%eval -49,
0] Mistake. e5 was best.} (23. e5 Bxc3 24. exf6 Rxe1 25. Rxe1 Qd5+ 26. Be4 Qd2+
27. Re2 Qxc2 28. fxg7+ Bxg7 29. Rxc2 Rd4) 23... h5 {[%eval -85,0]} 24. e5 $2 {
[%eval -145,0] Mistake. Kg2 was best.} (24. Kg2) 24... Nd5 $4 {[%eval 15,0]
Blunder. Bxc3 was best.} (24... Bxc3 25. bxc3) 25. Nxd5 {[%eval 12,0]} Qxc2+ {
[%eval 8,0]} 26. Bxc2 {[%eval 18,0]} Rxd5 {[%eval 2,0]} 27. Be4 {[%eval 19,0]}
Rdd8 {[%eval 23,0]} 28. Re2 {[%eval 18,0]} Re7 {[%eval 3,0]} 29. Red2 {[%eval
22,0]} c5 {[%eval 37,0]} 30. Bf3 {[%eval 3,0]} g6 {[%eval 3,0]} 31. h4 {
[%eval 11,0]} Kg7 {[%eval 25,0]} 32. Kg2 {[%eval 18,0]} f6 {[%eval 25,0]} 33.
exf6+ {[%eval 26,0]} Kxf6 {[%eval 25,0]} 34. Re2 {[%eval 0,0]} Rxe2+ {[%eval
12,0]} 35. Bxe2 {[%eval 1,0]} Re8 {[%eval 6,0]} 36. Rd2 {[%eval 0,0]} Re3 {
[%eval 0,0]} 37. Bf3 {[%eval 0,0]} Re1 {[%eval 2,0]} 38. Bxb7 {[%eval 3,0]} Rb1
{[%eval 25,0]} 1/2-1/2

[Event "Kvika Reykjavik Open 2022"]
[Site "Reykjavik, Iceland"]
[Date "2022.04.09"]
[Round "5.40"]
[White "Valkama, Eero"]
[Black "Carlsson, Gustav"]
[Result "1-0"]
[WhiteElo "2244"]
[BlackElo "2008"]
[PlyCount "109"]
[EventDate "2022.??.??"]

1. e4 {[%eval 33,0]} e6 {[%eval 13,0]} 2. d4 {[%eval 24,0]} d5 {[%eval 25,0]}
3. Nd2 {[%eval 11,0]} Nf6 $6 {[%eval 71,0] Inaccuracy. c5 was best.} (3... c5
4. exd5 Qxd5 5. Ngf3 cxd4 6. Bc4 Qd8 7. O-O Nc6 8. Nb3) 4. e5 {[%eval 39,0]}
Nfd7 {[%eval 4,0]} 5. f4 {[%eval 4,0]} c5 {[%eval 44,0]} 6. c3 {[%eval 76,0]}
Nc6 {[%eval 33,0]} 7. Ndf3 {[%eval 52,0]} Qb6 {[%eval 59,0]} 8. a3 {[%eval 37,
0]} a5 {[%eval 29,0]} 9. b3 {[%eval 69,0]} Be7 {[%eval 81,0]} 10. Ne2 $6 {
[%eval 8,0] Inaccuracy. h4 was best.} (10. h4 h5 11. Be2 cxd4 12. cxd4 Bd8 13.
Be3 Ne7 14. Bd3 Nf5 15. Bxf5 exf5 16. Ne2 Nf8) 10... Qc7 $6 {[%eval 44,0]
Inaccuracy. O-O was best.} (10... O-O 11. h4) 11. Be3 {[%eval 47,0]} b6 $6 {
[%eval 106,0] Inaccuracy. Qb6 was best.} (11... Qb6 12. dxc5) 12. g4 $6 {
[%eval 13,0] Inaccuracy. Ng3 was best.} (12. Ng3 f5 13. h4 Ba6 14. Bxa6 Rxa6
15. Ng5 Bxg5 16. fxg5 a4 17. b4 Ncxe5 18. O-O cxd4) 12... h5 $6 {[%eval 85,0]
Inaccuracy. O-O was best.} (12... O-O 13. g5) 13. gxh5 {[%eval 88,0]} Rxh5 {
[%eval 83,0]} 14. Ng3 {[%eval 61,0]} Rh8 {[%eval 103,0]} 15. Kf2 $6 {[%eval 32,
0] Inaccuracy. Bb5 was best.} (15. Bb5 g6) 15... a4 $2 {[%eval 149,0] Mistake.
Bb7 was best.} (15... Bb7) 16. b4 {[%eval 127,0]} c4 $6 {[%eval 182,0]
Inaccuracy. Bb7 was best.} (16... Bb7 17. h4 f6 18. Kg1 O-O-O 19. h5 fxe5 20.
fxe5 Rhf8 21. Bg2 Ncxe5 22. dxe5 Nxe5 23. Nxe5) 17. f5 $6 {[%eval 96,0]
Inaccuracy. h4 was best.} (17. h4 Nf8) 17... Nf8 {[%eval 87,0]} 18. Qc2 {
[%eval 7,0]} exf5 $6 {[%eval 125,0] Inaccuracy. f6 was best.} (18... f6 19. b5
Nxe5 20. dxe5 fxe5 21. Be2 e4 22. Nd4 exf5 23. Ndxf5 Bc5 24. Ke1 Bxf5 25. Nxf5)
19. Nxf5 {[%eval 68,0]} Ne6 $2 {[%eval 176,0] Mistake. Bxf5 was best.} (19...
Bxf5) 20. h4 {[%eval 198,0]} g6 {[%eval 165,0]} 21. Ng3 $6 {[%eval 102,0]
Inaccuracy. Nh6 was best.} (21. Nh6 Ng7 22. Bh3 Bxh3 23. Rxh3 Qc8 24. Kg2 Nf5
25. Nxf5 Qxf5 26. Qxf5 gxf5 27. h5 Kd7) 21... Ng7 {[%eval 97,0]} 22. Bg2 {
[%eval 128,0]} Nf5 {[%eval 85,0]} 23. Qd1 $2 {[%eval 45,0] Mistake. Qe2 was
best.} (23. Qe2 Nxe3 24. Qxe3 Be6 25. Ne2 O-O-O 26. Nf4 Qd7 27. Ng5 Bxg5 28.
hxg5 Ne7 29. Rxh8 Rxh8) 23... Nxg3 $4 {[%eval 139,0] Blunder. Nxe3 was best.} (
23... Nxe3 24. Kxe3 Bg4 25. Bh3 Bxh3 26. Rxh3 Qd7 27. Rh1 Na7 28. Qc2 O-O-O 29.
h5 gxh5 30. Nxh5) 24. Kxg3 {[%eval 103,0]} Bf5 {[%eval 161,0]} 25. Bf4 $6 {
[%eval 79,0] Inaccuracy. Ng5 was best.} (25. Ng5) 25... Qd7 {[%eval 122,0]} 26.
Ng5 {[%eval 106,0]} Nd8 $4 {[%eval 386,0] Blunder. b5 was best.} (26... b5 27.
Qf3 Be6 28. Bh3 O-O-O 29. Bxe6 fxe6 30. Qg4 Rde8 31. Qxe6 Qxe6 32. Nxe6 Bxb4
33. axb4) 27. Qf3 {[%eval 399,0]} Be6 {[%eval 374,0]} 28. h5 $2 {[%eval 227,0]
Mistake. Nxe6 was best.} (28. Nxe6) 28... gxh5 {[%eval 246,0]} 29. Rxh5 {
[%eval 225,0]} Rg8 {[%eval 209,0]} 30. Qe3 $4 {[%eval 37,0] Blunder. Kf2 was
best.} (30. Kf2) 30... Nc6 $2 {[%eval 69,0] Mistake. Bg4 was best.} (30... Bg4
31. Rh6) 31. Kf2 $6 {[%eval 8,0] Inaccuracy. Kh2 was best.} (31. Kh2 Bxg5 32.
Bxg5 Ne7 33. Rg1 O-O-O 34. Bf3 Kb7 35. Bxe7 Qxe7 36. Qf4 Rh8 37. Rgg5 Rxh5+)
31... O-O-O {[%eval 11,0]} 32. Nh7 {[%eval 61,0]} Rg6 $6 {[%eval 6,0]
Inaccuracy. Na7 was best.} (32... Na7 33. Rh6) 33. Bf3 $6 {[%eval 79,0]
Inaccuracy. Rg1 was best.} (33. Rg1 Rdg8 34. Bg5 Bg4 35. Bxe7 Bxh5 36. Bh3 Rg4
37. Bg5 Qf5+ 38. Qf3 Qc2+ 39. Qe2 Qxh7) 33... Rdg8 {[%eval 81,0]} 34. Rah1 {
[%eval -72,0]} Bg4 {[%eval 95,0]} 35. Bxg4 $6 {[%eval -48,0] Inaccuracy. Rh6
was best.} (35. Rh6 Bxf3) 35... Qxg4 {[%eval -38,0]} 36. Qh3 {[%eval -62,0]}
Qxh3 {[%eval -49,0]} 37. R5xh3 {[%eval -26,0]} (37. Rh4 Qxh1 38. Rxh1 Rg3 {Kf3}
) 37... Rg2+ {[%eval -6,0]} 38. Kf3 {[%eval -88,0]} Ra2 {[%eval 83,0]} 39. Rh6
{[%eval 83,0]} Rg6 $4 {[%eval 315,0] Blunder. Kb7 was best.} (39... Kb7 40. Nf6
) 40. Rxg6 {[%eval 307,0]} fxg6 {[%eval 338,0]} 41. Nf6 {[%eval 306,0]} Rxa3 {
[%eval 327,0]} 42. Nxd5 {[%eval 365,0]} Bxb4 $6 {[%eval 551,0] Inaccuracy. Bd8
was best.} (42... Bd8 43. Ke4 g5 44. b5 Na7 45. Be3 Nxb5 46. Rh8 Nxc3+ 47. Nxc3
Rxc3 48. Bxg5 a3 49. Rxd8+) 43. Ke4 {[%eval 547,0]} Bxc3 {[%eval 567,0]} 44.
Nxb6+ $6 {[%eval 392,0] Inaccuracy. Rh7 was best.} (44. Rh7) 44... Kb7 {
[%eval 369,0]} 45. Nxc4 {[%eval 356,0]} Ra1 $6 {[%eval 452,0] Inaccuracy. Rb3
was best.} (45... Rb3 46. d5) 46. Rxa1 {[%eval 455,0]} Bxa1 {[%eval 407,0]} 47.
d5 {[%eval 447,0]} Ne7 {[%eval 502,0]} 48. d6 {[%eval 508,0]} Nc6 {[%eval 506,
0]} 49. d7 {[%eval 467,0]} Nd8 $6 {[%eval 754,0] Inaccuracy. Bc3 was best.} (
49... Bc3 50. Nd6+) 50. Kd5 {[%eval 741,0]} Bc3 {[%eval 831,0]} 51. Bg5 {
[%eval 893,0]} Kc7 {[%eval 1089,0]} 52. e6 {[%eval 1125,0]} Bb4 {[%eval 2100,0]
} 53. Bxd8+ {[%eval 32750,0]} Kxd8 {[%eval 6395,0]} 54. Ne5 {[%eval 32752,0]}
Kc7 {[%eval 32754,0]} 55. Nc6 {[%eval 32756,0]} 1-0

[Event "Kvika Reykjavik Open 2022"]
[Site "Reykjavik, Iceland"]
[Date "2022.04.09"]
[Round "5.41"]
[White "Mahitosh, Dey"]
[Black "Tirziman, Rudolf"]
[Result "1-0"]
[WhiteElo "2233"]
[BlackElo "1963"]
[PlyCount "59"]
[EventDate "2022.??.??"]

1. d4 {[%eval 3,0]} Nf6 {[%eval 23,0]} 2. Nf3 {[%eval 12,0]} e6 {[%eval 27,0]}
3. Bf4 {[%eval 12,0]} b6 {[%eval 2,0]} 4. e3 {[%eval 3,0]} Bb7 {[%eval 3,0]} 5.
Bd3 {[%eval 13,0]} Nh5 {[%eval 29,0]} 6. Bg5 {[%eval 15,0]} Be7 {[%eval 13,0]}
7. Bxe7 {[%eval 2,0]} Qxe7 {[%eval 34,0]} 8. Nbd2 {[%eval 5,0]} f5 {[%eval 22,
0]} 9. c3 {[%eval 12,0]} O-O {[%eval 16,0]} 10. h3 {[%eval 15,0]} Nf6 {[%eval
14,0]} 11. g4 $6 {[%eval 52,0] Inaccuracy. Qe2 was best.} (11. Qe2) 11... Ne4
$6 {[%eval 8,0] Inaccuracy. c5 was best.} (11... c5 12. gxf5 cxd4 13. cxd4 Nc6
14. Rg1 Nb4 15. Bb1 Nbd5 16. fxe6 Qxe6 17. Rg5 Qxh3 18. Bf5) 12. Rg1 {[%eval
15,0]} Nxd2 $6 {[%eval 92,0] Inaccuracy. d6 was best.} (12... d6 13. Qe2) 13.
Nxd2 {[%eval 42,0]} Qh4 $6 {[%eval 107,0] Inaccuracy. c5 was best.} (13... c5)
14. Qe2 {[%eval 112,0]} fxg4 {[%eval 128,0]} 15. hxg4 {[%eval 138,0]} Qh2 $6 {
[%eval 200,0] Inaccuracy. c5 was best.} (15... c5 16. dxc5) 16. Rg3 $6 {
[%eval 143,0] Inaccuracy. Rf1 was best.} (16. Rf1 a5 17. f4 Qxe2+ 18. Kxe2 g6
19. Nf3 Nc6 20. Rh1 Kg7 21. Rh2 Ne7 22. Rah1 Bxf3+) 16... Nc6 {[%eval 168,0]}
17. Nf1 {[%eval 175,0]} Qh4 {[%eval 189,0]} 18. O-O-O {[%eval 196,0]} Ne7 {
[%eval 225,0]} 19. Nd2 $6 {[%eval 159,0] Inaccuracy. f3 was best.} (19. f3)
19... a5 {[%eval 109,0]} 20. Be4 $6 {[%eval 109,0] Inaccuracy. Qe1 was best.} (
20. Qe1 Rf7 21. Qg1 Raf8 22. Rf1 Bf3 23. Nxf3 Rxf3 24. Rxf3 Rxf3 25. Qg2 Qh3
26. Bxh7+ Kf7) 20... Bxe4 {[%eval 6,0]} 21. Nxe4 {[%eval 75,0]} a4 {[%eval 123,
0]} 22. a3 {[%eval 137,0]} Rf7 $6 {[%eval 218,0] Inaccuracy. d5 was best.} (
22... d5 23. Nd2) 23. Rdg1 {[%eval 161,0]} Nd5 $4 {[%eval 428,0] Blunder. d5
was best.} (23... d5 24. Nd2 Qf6 25. f4 g5 26. fxg5 Qg6 27. Rh3 Raf8 28. Rg2
Nc6 29. Rh6 Qxg5 30. Rxe6) 24. f4 {[%eval 403,0]} h6 $6 {[%eval 614,0]
Inaccuracy. Raf8 was best.} (24... Raf8 25. g5) 25. g5 {[%eval 589,0]} h5 {
[%eval 606,0]} 26. g6 {[%eval 519,0]} Rff8 {[%eval 508,0]} 27. Ng5 {[%eval 589,
0]} Rf5 {[%eval 584,0]} 28. Kb1 {[%eval 573,0]} Raf8 {[%eval 656,0]} 29. Qg2 {
[%eval 569,0]} Rxg5 {[%eval 700,0]} 30. fxg5 {[%eval 715,0]} 1-0

[Event "Kvika Reykjavik Open 2022"]
[Site "Reykjavik, Iceland"]
[Date "2022.04.09"]
[Round "5.42"]
[White "Bartelt, Max Peter"]
[Black "Povah, Nigel E"]
[Result "1/2-1/2"]
[WhiteElo "1949"]
[BlackElo "2216"]
[PlyCount "117"]
[EventDate "2022.??.??"]

1. d4 {[%eval 3,0]} Nf6 {[%eval 23,0]} 2. Bg5 {[%eval 0,0]} d5 {[%eval 0,0]} 3.
Bxf6 {[%eval 0,0]} gxf6 {[%eval 0,0]} 4. e3 {[%eval 0,0]} c5 {[%eval 0,0]} 5.
Nc3 $6 {[%eval 52,0] Inaccuracy. dxc5 was best.} (5. dxc5 e6 6. Nf3 Bxc5 7. Be2
O-O 8. c4 dxc4 9. Qc2 b5) 5... e6 {[%eval 17,0]} 6. Qh5 {[%eval 0,0]} cxd4 {
[%eval 0,0]} 7. exd4 {[%eval 0,0]} Nc6 {[%eval 0,0]} 8. O-O-O {[%eval 28,0]}
Bb4 {[%eval 16,0]} 9. Nge2 {[%eval 28,0]} Bd7 {[%eval 22,0]} 10. f4 {[%eval 43,
0]} f5 {[%eval 62,0]} 11. g4 {[%eval 65,0]} fxg4 {[%eval 51,0]} 12. f5 {
[%eval 72,0]} Rg8 {[%eval 77,0]} 13. h4 {[%eval 78,0]} gxh3 $4 {[%eval 8,0]
Blunder. Qa5 was best.} (13... Qa5) 14. Qxh7 $2 {[%eval 24,0] Mistake. fxe6
was best.} (14. fxe6 Bxe6 15. Bxh3 Qg5+ 16. Qxg5 Rxg5 17. Bxe6 fxe6 18. Nf4 Kd7
19. Rxh7+ Be7 20. Re1 Rag8) 14... Qg5+ {[%eval 12,0]} 15. Kb1 {[%eval 17,0]}
Qg7 {[%eval 5,0]} 16. Qh4 {[%eval 16,0]} Qg5 {[%eval 16,0]} 17. Qf2 {[%eval 4,
0]} O-O-O {[%eval 14,0]} 18. Bxh3 {[%eval 8,0]} Bd6 {[%eval 0,0]} 19. Nb5 {
[%eval 0,0]} Bb8 {[%eval 8,0]} 20. c4 {[%eval 34,0]} dxc4 {[%eval 36,0]} 21. d5
$4 {[%eval -3,0] Blunder. a3 was best.} (21. a3) 21... exd5 {[%eval -197,0]}
22. Rxd5 {[%eval -28,0]} Qf6 $2 {[%eval 47,0] Mistake. Rh8 was best.} (22...
Rh8 23. a3) 23. Nec3 {[%eval 4,0]} Rge8 {[%eval 6,0]} 24. Rhd1 $6 {[%eval 67,0]
Inaccuracy. Qc5 was best.} (24. Qc5 Qg5 25. Ka1 Qe3 26. Rd4 Re5 27. Qxc4 a6 28.
Rxd7 Rxd7 29. f6 Re6 30. Bxe6 fxe6) 24... Re5 $6 {[%eval 5,0] Inaccuracy. Qh6
was best.} (24... Qh6 25. Qf1) 25. Ka1 {[%eval 9,0]} Rxd5 {[%eval 0,0]} 26.
Nxd5 {[%eval 0,0]} Qe5 {[%eval 34,0]} 27. Qc5 {[%eval 0,0]} c3 {[%eval 31,0]}
28. bxc3 {[%eval 65,0]} f6 {[%eval 32,0]} 29. Nd4 $6 {[%eval 44,0] Inaccuracy.
Bg2 was best.} (29. Bg2 Be8) 29... Bd6 {[%eval 24,0]} 30. Qc4 {[%eval 14,0]}
Kb8 {[%eval 25,0]} 31. Bg2 $4 {[%eval -197,0] Blunder. Nf3 was best.} (31. Nf3
Qg3) 31... Nxd4 {[%eval -200,0]} 32. cxd4 {[%eval -196,0]} Qg3 $2 {[%eval 62,0]
Mistake. Qxf5 was best.} (32... Qxf5) 33. Bh1 $2 {[%eval -188,0] Mistake. Be4
was best.} (33. Be4) 33... Bxf5 {[%eval -200,0]} 34. Qb5 {[%eval -197,0]} Bd7 {
[%eval -9,0]} 35. Qb2 $2 {[%eval -212,0] Mistake. Qa5 was best.} (35. Qa5 Rh8)
35... Ba3 $4 {[%eval -42,0] Blunder. Bc6 was best.} (35... Bc6) 36. Qb1 $4 {
[%eval -452,0] Blunder. Qb3 was best.} (36. Qb3) 36... Bc6 {[%eval -474,0]} 37.
Rd3 {[%eval -599,0]} Qd6 $6 {[%eval -353,0] Inaccuracy. Qh4 was best.} (37...
Qh4) 38. Ne3 $6 {[%eval -429,0] Inaccuracy. Nc3 was best.} (38. Nc3 Bxh1 39.
Qxh1 a6 40. Ne4 Qe7 41. Nd2 Ka7 42. Qg1 Bc5 43. Nb3 Bb6 44. Qf1 Qe4) 38... Bxh1
{[%eval -418,0]} 39. Qxh1 {[%eval -409,0]} Qa6 $4 {[%eval -1,0] Blunder. Rc8
was best.} (39... Rc8 40. Kb1 Qa6 41. Rb3 Rc1+ 42. Qxc1 Bxc1 43. Kxc1 Qxa2 44.
Rd3 Qe2 45. Rb3 a5 46. d5) 40. Rc3 {[%eval -167,0]} Bd6 {[%eval -16,0]} 41. Nf5
$2 {[%eval -231,0] Mistake. Qf3 was best.} (41. Qf3 Rh8) 41... Bb4 {[%eval
-286,0]} 42. Rc2 $4 {[%eval -687,0] Blunder. Rb3 was best.} (42. Rb3 Ba5) 42...
Qd3 {[%eval -698,0]} 43. Qh2+ {[%eval -675,0]} Ka8 {[%eval -674,0]} 44. Qc7 {
[%eval -685,0]} Rb8 {[%eval -654,0]} 45. a3 {[%eval -681,0]} Qxa3+ {[%eval
-645,0]} 46. Kb1 {[%eval -673,0]} Qb3+ {[%eval -679,0]} 47. Ka1 {[%eval -658,0]
} Qd3 {[%eval -674,0]} 48. Rc4 {[%eval -783,0]} Ba5 {[%eval -638,0]} 49. Qc5 {
[%eval -645,0]} Bb6 {[%eval -592,0]} 50. Qd5 {[%eval -627,0]} Re8 {[%eval -559,
0]} 51. Qe6 {[%eval -571,0]} Rb8 {[%eval -524,0]} 52. Kb2 {[%eval -422,0]} a6 {
[%eval -542,0]} 53. Nd6 {[%eval -734,0]} Bxd4+ {[%eval -773,0]} 54. Kc1 {
[%eval -743,0]} Rh8 $4 {[%eval 0,0] Blunder. Bc3 was best.} (54... Bc3 55. Ne4)
55. Rc8+ {[%eval 0,0]} Ka7 {[%eval 0,0]} 56. Rxh8 {[%eval 0,0]} Be3+ {[%eval 0,
0]} 57. Kb2 {[%eval 0,0]} Bd4+ {[%eval 0,0]} 58. Kc1 {[%eval 0,0]} Be3+ {
[%eval 0,0]} 59. Kb2 {[%eval 0,0]} 1/2-1/2

[Event "Kvika Reykjavik Open 2022"]
[Site "Reykjavik, Iceland"]
[Date "2022.04.09"]
[Round "5.44"]
[White "Jaksland, Tim"]
[Black "Ragnarsson, Johann"]
[Result "1-0"]
[WhiteElo "2203"]
[BlackElo "1913"]
[PlyCount "65"]
[EventDate "2022.??.??"]

1. e4 {[%eval 33,0]} c6 {[%eval 56,0]} 2. d4 {[%eval 35,0]} d5 {[%eval 49,0]}
3. exd5 {[%eval 31,0]} cxd5 {[%eval 31,0]} 4. Bd3 {[%eval 32,0]} Nc6 {[%eval
29,0]} 5. c3 {[%eval 29,0]} Qc7 {[%eval 34,0]} 6. Ne2 {[%eval 16,0]} Bg4 {
[%eval 17,0]} 7. O-O {[%eval 25,0]} e6 {[%eval 2,0]} 8. Qe1 {[%eval 3,0]} Bd6 {
[%eval 63,0]} 9. f3 {[%eval 82,0]} Bh5 {[%eval 62,0]} 10. Qh4 {[%eval 79,0]}
Bg6 {[%eval 75,0]} 11. Bxg6 {[%eval 71,0]} fxg6 {[%eval 71,0]} 12. Bf4 {
[%eval 33,0]} Nge7 $6 {[%eval 116,0] Inaccuracy. e5 was best.} (12... e5 13.
dxe5) 13. Bxd6 {[%eval 76,0]} Qxd6 {[%eval 7,0]} 14. Qf4 {[%eval 5,0]} Nf5 $6 {
[%eval 135,0] Inaccuracy. Qd8 was best.} (14... Qd8 15. Qd2 e5 16. Re1 Qb6 17.
Kh1 O-O-O 18. dxe5 Nxe5 19. Nd4 N7c6 20. Nxc6 Nxc6 21. Na3) 15. Qxd6 {[%eval
118,0]} Nxd6 {[%eval 112,0]} 16. Nd2 {[%eval 62,0]} O-O {[%eval 67,0]} 17. Rae1
{[%eval 64,0]} e5 $6 {[%eval 122,0] Inaccuracy. Rae8 was best.} (17... Rae8 18.
f4) 18. dxe5 {[%eval 109,0]} Nxe5 {[%eval 97,0]} 19. Nc1 {[%eval 56,0]} Nec4 {
[%eval 79,0]} 20. Nxc4 {[%eval 77,0]} dxc4 {[%eval 73,0]} 21. Rd1 {[%eval 43,0]
} Nf5 {[%eval 75,0]} 22. Rfe1 {[%eval 38,0]} Rad8 {[%eval 36,0]} 23. Kf2 {
[%eval 23,0]} Kf7 {[%eval 22,0]} 24. Ne2 {[%eval 25,0]} Rfe8 $6 {[%eval 94,0]
Inaccuracy. g5 was best.} (24... g5 25. b3 cxb3 26. axb3 Rfe8 27. Ng3 Nxg3 28.
Kxg3 Rxd1 29. Rxd1 Re3 30. Rd7+ Kf6 31. Rxb7) 25. g4 {[%eval 103,0]} Ne7 {
[%eval 116,0]} 26. Nd4 {[%eval 104,0]} Nd5 $4 {[%eval 708,0] Blunder. a6 was
best.} (26... a6 27. Rd2 Ng8 28. Red1 Re7 29. Nc2 Rxd2+ 30. Rxd2 Nf6 31. Rd4
Rd7 32. Rxd7+ Nxd7 33. Ke3) 27. Rxe8 {[%eval 695,0]} Rxe8 {[%eval 714,0]} 28.
Nb5 {[%eval 715,0]} Re5 {[%eval 754,0]} 29. Nd6+ {[%eval 772,0]} Kf6 {[%eval
807,0]} 30. Nxc4 {[%eval 815,0]} Nxc3 {[%eval 808,0]} 31. bxc3 {[%eval 808,0]}
Rc5 {[%eval 792,0]} 32. Nd6 {[%eval 795,0]} Ke5 {[%eval 782,0]} 33. Ne4 {
[%eval 792,0]} 1-0